[Event "19th Prague Open-A 2020"]
[Site "Prague"]
[Date "2020.01.15"]
[Round "7.10"]
[White "Laxman, R.R."]
[Black "Riha, Vojtech"]
[Result "1-0"]
[WhiteElo "2441"]
[BlackElo "2247"]
[Annotator "TA"]
[PlyCount "43"]
[EventDate "2020.01.10"]
[EventType "swiss"]
[EventCountry "CZE"]
[SourceTitle "playchess.com"]
[Source "ChessBase"]
[SourceQuality "1"]

{[%evp 9,89,25,32,22,25,17,30,0,0,6,7,7,39,21,10,18,27,22,22,-33,0,0,11,22,18,26,24,24,28,20,19,0,3,12,56,56,93,93,96,106,150,148,135,76,76,76,76,76,76,76,76,76,76,76,76,76,76,76,76,76,76,76,90,83,90,65,65,65,65,35,39,0,0,0,29979,29980,29976,29979,29984,29985,29990,29991]} 1. d4 Nf6 2. Nf3 g6 3. Nbd2 d5 4. e3 Bg7 5. b4 a5 (5... c6 6. Bb2 a5 7. b5 O-O 8. a4 Bf5 9. c4 Ne4 10. Qb3 Nxd2 11. Nxd2 Nd7 12. cxd5 cxd5 13. Qxd5 {1-0 (32) Aronian,L (2775)-Gareyev,T (2598) Moscow 2019}) 6. b5 {D02: 1 d4 d5 2 Nf3 sidelines, including 2...Nf6 3 g3 and 2...Nf6 3 Bf4} c5 7. bxc6 Nxc6 8. Bb5 {White has an edge.} O-O 9. O-O Ne8 $146 ({Predecessor:} 9... Bf5 10. Bxc6 bxc6 11. Ba3 Rb8 12. Ne5 Qc7 13. h3 {1-0 (110) Grachev,B (2626)-Zakhartsov,V (2486) St Petersburg 2018}) 10. Ba3 Bd7 11. Rb1 Nc7 12. Bd3 Rb8 13. Nb3 b5 14. Nc5 (14. h3 $11) 14... Bc8 15. c3 Re8 16. Qe2 {[%cal Rd3b5]} b4 17. cxb4 axb4 18. Bb2 Qd6 {Threatening ...e5.} 19. Rfc1 $36 {[%mdl 2048] White is more active.} Bg4 20. Qc2 {Black should prevent Nb3.} Bxf3 21. gxf3 e5 {[%cal Re5d4]} 22. Na4 {Played: Nc5-d7} 1-0

[Event "19th Prague Open-A 2020"]
[Site "Prague"]
[Date "2020.01.15"]
[Round "7.11"]
[White "Quesada Vera, Liordis"]
[Black "Wiley, Tom E"]
[Result "1/2-1/2"]
[WhiteElo "2386"]
[BlackElo "2170"]
[Annotator "TA"]
[PlyCount "240"]
[EventDate "2020.01.10"]
[EventType "swiss"]
[EventCountry "CZE"]
[SourceTitle "playchess.com"]
[Source "ChessBase"]
[SourceQuality "1"]

{[%evp 9,240,-27,0,-11,0,-13,0,-8,0,-17,-5,-16,0,0,0,-31,-25,-28,-25,-39,-20,-40,-30,-36,-34,-39,-29,-37,-22,-25,-27,-40,-38,-72,-67,-71,-58,-65,-64,-65,-64,-71,-44,-53,-42,-65,-45,-57,-42,-45,-41,-54,-44,-70,-25,-22,-25,-24,-24,-29,-22,-28,-22,-28,-25,-42,-33,-47,-27,-60,0,-54,0,-51,-28,-29,-2,-44,0,-52,-2,-14,0,0,0,0,0,0,0,0,23,0,0,0,0,0,0,-17,0,0,0,0,31,0,0,0,0,0,4,-57,-17,-54,0,-17,0,0,41,0,0,0,0,0,0,-74,-77,-156,-170,-152,-60,-68,0,0,25,0,0,0,28,0,0,0,57,57,57,0,0,0,0,0,0,0,0,0,0,0,0,0,0,0,57,0,0,0,57,57,68,0,0,0,0,0,0,0,0,0,0,0,0,0,0,0,0,0,0,0,0,0,0,0,0,0,0,0,0,0,0,-418,0,0,0,-83,-47,-77,0,0,0,0,0,0,0,0,0,-43,-43,-60,0,0,0,0,0,0,0,0,0,0,0,-29976,-29976,-29996,-29996,-29996,-254,-29997,0]} 1. e4 e6 2. c4 d5 3. cxd5 exd5 4. Qa4+ c6 5. exd5 Qxd5 6. Nc3 {C00: French: Unusual White 2nd moves} Qd6 $146 (6... Qd8 {seems wilder.} 7. d4 Nf6 8. Bd3 Bd6 9. Nf3 h6) ({Predecessor:} 6... Qd8 7. Nf3 Nf6 8. d4 Be7 9. Bd3 O-O {1-0 (23) Gorbatov,A (2375)-Aliane Diez,A (2099) San Sebastian 2016}) 7. Nf3 Nf6 8. d4 {The position is equal.} Nbd7 {[%cal Bb8d7,Bd7b6,Bb6d5,Bd5b4][%mdl 32]} 9. Be2 Be7 10. O-O O-O 11. Qc2 Nb6 12. Rd1 Bg4 13. Ne5 Bxe2 14. Nxe2 Nbd5 15. Ng3 Rfe8 16. Bg5 Bf8 17. Nf5 Qe6 18. Re1 Nb4 19. Qb1 Nfd5 20. a3 {aiming for Nf3.} Na6 21. b4 f6 22. Nf3 Qd7 23. Bd2 Rxe1+ 24. Nxe1 Nac7 25. Ng3 Ne6 26. Nf3 Ndc7 27. Be3 Nb5 28. Qb2 Rd8 {[%cal Rb5d4]} 29. Ne2 Nbc7 30. h3 Nd5 31. Ng3 a6 32. Ne4 Qf7 33. Nc5 Bxc5 34. bxc5 Rd7 35. Re1 Qg6 36. Qb3 Kf8 37. Kh2 Re7 38. Bd2 Qf7 (38... Qf5 {feels hotter.} 39. Qb1 Qxb1 40. Rxb1 g5 41. g4 Nef4) 39. Qc2 Qg6 40. Qb3 Qf7 (40... Nef4 $15 41. Bxf4 Nxf4) 41. a4 (41. Qc2 $11) 41... Qe8 42. Qd3 Qg6 43. Qc4 Qe8 (43... Qf5 {keeps more tension.} 44. Kg1 h6 45. Qb3 g5 46. Qc4 Qh7) 44. Rb1 (44. Qd3 $11) 44... Nd8 45. Rb3 Nf7 46. Qd3 g6 47. Qb1 Qd7 48. Kg1 Kg7 49. Be3 f5 50. Bd2 f4 51. Kf1 g5 52. Qd3 Qe6 53. Kg1 h6 54. Qb1 Qd7 55. Ba5 Nf6 56. Bc3 {Threatens to win with Ne5.} (56. Ne5 $5 Nxe5 57. dxe5 $11) 56... Nd5 57. Bb2 Kf6 58. Ba1 Qf5 59. Qd1 ({White should play} 59. Rxb7 $11 Qxb1+ 60. Rxb1) 59... Rd7 60. Qe2 Re7 (60... h5 $15) 61. Ne5 Nxe5 62. dxe5+ Ke6 63. Bd4 Rh7 64. Qb2 Qf7 65. Qb1 Rg7 66. Kh2 (66. g4 $11) 66... h5 $17 67. Qd1 (67. f3 $142) 67... g4 68. h4 {[#]} Qe7 (68... g3+ $1 $17 {[%mdl 512]} 69. Kh1 (69. fxg3 fxg3+) 69... Qf5) 69. g3 $15 f3 (69... Qf8 $15) 70. Qd2 Rg6 71. Qc2 Rg7 $1 72. Qc1 Rg6 73. Rb2 (73. Be3 $5) 73... Qf7 74. Kg1 Qe7 ({Better is} 74... Qh7 $11) 75. Qc4 Qf7 76. Be3 (76. Rb1 $14) 76... Rg7 $1 $11 77. Bh6 Rh7 $1 {[%cal Rh7h6]} 78. Bg5 Qf5 79. Bf6 Rd7 80. Kh2 Qg6 81. Rb4 Rf7 82. Qb3 Qh7 83. Kg1 Kf5 (83... Qg6 $11) 84. Qb1+ Ke6 85. Qb3 Kf5 86. Rd4 Ke6 87. Qa2 (87. Rd1 $14) 87... Rd7 88. Kh2 Qg6 89. Qb3 Qh7 90. Bg5 Qg6 91. Rf4 {Strongly threatening Rf6+.} Rf7 $1 92. Rb4 Qh7 93. Be3 Rd7 94. Bc1 Rf7 95. Qc4 Qg6 96. a5 Rd7 97. Qb3 Qh7 98. Bg5 Rf7 99. Rd4 Rd7 100. Bf6 Qg6 101. Qa2 Qh7 102. Rf4 $2 {[%mdl 8192]} (102. Qb3 $11 {and White is okay.}) 102... Rf7 $2 (102... Qd3 $1 $19 {[%cal Rd3f1] ( -> ...Qf1)} 103. Bg5 Rf7 104. Rxf7 Kxf7 105. e6+ Kxe6) 103. Qb3 Qg6 104. Bg5 (104. Kg1 $11 {keeps the balance.}) 104... Rxf4 $1 $17 105. gxf4 {[#]} Qf7 ({Black should try} 105... Qe4 $1 $17 {[%cal Re4e2]} 106. Qxb7 {[%mdl 64] Double Attack} Nxf4 107. Qe7+ Kd5 108. Qf7+ Ne6 109. Qd7+ Kxe5) 106. Kg3 $11 Kf5 107. Bf6 {Threatening mate with Qb1+.} Ke6 $1 108. Bg5 Kf5 109. Kh2 Ke6 110. Kg1 Qh7 {...Qe4 is the strong threat.} 111. Kh2 Qf7 (111... Qe4 $1 $15 112. Qxb7 {[%mdl 64] Double Attack} Nxf4 113. Qe7+ Kd5 114. Qf7+ Ne6 115. Qd7+ Kxe5) 112. Kg3 Qh7 113. Qb2 Qf7 114. Qb1 Nc3 115. Qb3+ Nd5 116. Kh2 Qh7 117. Bf6 $2 {[%mdl 8192]} (117. Kg3 $11) 117... Qe4 118. Qxb7 Qxf4+ 119. Kh1 Qc1+ {[%mdl 64] Double Attack} 120. Kh2 {[#] And now Qc8+ would win.} Qf4+ $2 {Accuracy: White = 50%, Black = 62%.} (120... g3+ $1 {[%mdl 512] mates} 121. fxg3 Qd2+ {[%mdl 64] Double Attack} 122. Kh3 Qg2#) 1/2-1/2

[Event "19th Prague Open-A 2020"]
[Site "Prague"]
[Date "2020.01.15"]
[Round "7.12"]
[White "Neuman, Petr"]
[Black "Svanda, Ondrej"]
[Result "1-0"]
[WhiteElo "2371"]
[BlackElo "2257"]
[Annotator "ChessBase"]
[PlyCount "89"]
[EventDate "2020.01.10"]
[EventType "swiss"]
[EventCountry "CZE"]
[SourceTitle "playchess.com"]
[Source "ChessBase"]
[SourceQuality "1"]
[TimeControl "40/5400+30:1800+30"]

1. e4 {[%emt 0:00:53]} c5 {[%emt 0:00:00]} 2. Nf3 {[%emt 0:00:05]} e6 {[%emt 0:00:00]} 3. d4 {[%emt 0:00:05]} cxd4 {[%emt 0:00:00]} 4. Nxd4 {[%emt 0:00:04]} Nc6 {[%emt 0:00:00]} 5. Nb5 {[%emt 0:01:21]} d6 {[%emt 0:02:09]} 6. c4 {[%emt 0:00:56]} a6 {[%emt 0:01:41]} 7. N5c3 {[%emt 0:02:35]} Nf6 {[%emt 0:00:57]} 8. Be2 {[%emt 0:00:18]} Be7 {[%emt 0:00:08]} 9. O-O {[%emt 0:00:18]} O-O {[%emt 0:01:19]} 10. Be3 {[%emt 0:00:32]} b6 {[%emt 0:01:40]} 11. Nd2 {[%emt 0:17:56]} Nd7 {[%emt 0:05:41]} 12. Rc1 {[%emt 0:01:37]} Bb7 {[%emt 0:01:28]} 13. a3 {[%emt 0:00:13]} Bf6 {[%emt 0:07:35]} 14. Re1 {[%emt 0:05:34]} Rc8 {[%emt 0:04:24]} 15. Bf1 {[%emt 0:02:35]} Qc7 {[%emt 0:19:02]} 16. f4 {[%emt 0:06:49]} Bd4 {[%emt 0:07:02]} 17. Qe2 {[%emt 0:03:44]} Bxe3+ {[%emt 0:03:11]} 18. Qxe3 {[%emt 0:00:13]} Qb8 {[%emt 0:00:27]} 19. b4 {[%emt 0:01:08]} Ba8 {[%emt 0:03:56]} 20. Red1 {[%emt 0:02:03]} Nf6 {[%emt 0:01:37]} 21. Be2 {[%emt 0:08:18]} Rcd8 {[%emt 0:04:03]} 22. Nb3 {[%emt 0:02:51]} Rfe8 {[%emt 0:02:21]} 23. Bf3 {[%emt 0:02:39]} Re7 {[%emt 0:06:56]} 24. g4 {[%emt 0:07:23]} h6 {[%emt 0:03:28]} 25. h4 {[%emt 0:00:37]} d5 {[%emt 0:08:35]} 26. cxd5 {[%emt 0:15:50]} exd5 {[%emt 0:00:02]} 27. e5 {[%emt 0:00:05]} d4 {[%emt 0:00:06]} 28. Nxd4 {[%emt 0:01:10]} Nxd4 {[%emt 0:00:06]} 29. Rxd4 {[%emt 0:00:14]} Rxd4 {[%emt 0:02:41]} 30. Qxd4 {[%emt 0:00:15]} Bxf3 {[%emt 0:01:54]} 31. exf6 {[%emt 0:00:06]} gxf6 {[%emt 0:00:07]} 32. Kf2 {[%emt 0:03:12]} Bb7 {[%emt 0:02:21]} 33. Rd1 {[%emt 0:03:46]} Re6 {[%emt 0:03:11]} 34. Qd8+ {[%emt 0:03:10]} Qxd8 {[%emt 0:00:02]} 35. Rxd8+ {[%emt 0:00:06]} Kg7 {[%emt 0:00:23]} 36. Ne2 {[%emt 0:00:06]} Re4 {[%emt 0:05:26]} 37. Rd4 {[%emt 0:01:48]} f5 {[%emt 0:01:38]} 38. g5 {[%emt 0:03:18]} hxg5 {[%emt 0:01:41]} 39. fxg5 {[%emt 0:00:42]} a5 {[%emt 0:01:36]} 40. h5 {[%emt 0:04:30]} axb4 {[%emt 0:00:26]} 41. axb4 {[%emt 0:30:14]} Re7 {[%emt 0:14:20]} 42. Rd6 {[%emt 0:00:00]} Re4 {[%emt 0:05:11]} 43. Rd4 {[%emt 0:00:00]} Re7 {[%emt 0:00:13]} 44. Ng3 {[%emt 0:00:00]} Be4 {[%emt 0:02:23]} 45. Rxe4 {[%emt 0:00:00]} 1-0

[Event "19th Prague Open-A 2020"]
[Site "Prague"]
[Date "2020.01.15"]
[Round "7.13"]
[White "Priehoda, Vitezslav"]
[Black "Pushkov, Nikolai"]
[Result "1/2-1/2"]
[WhiteElo "2341"]
[BlackElo "2239"]
[Annotator "TA"]
[PlyCount "153"]
[EventDate "2020.01.10"]
[EventType "swiss"]
[EventCountry "CZE"]
[SourceTitle "playchess.com"]
[Source "ChessBase"]
[SourceQuality "1"]

{[%evp 13,153,14,25,18,23,18,29,22,33,14,25,16,19,26,16,0,10,9,71,13,37,8,25,15,15,0,12,0,3,0,24,23,33,22,26,18,14,15,20,0,12,0,15,0,10,8,44,43,87,89,126,126,118,118,118,118,108,78,106,83,93,56,77,48,72,62,66,51,62,0,0,0,20,0,0,0,0,0,0,0,0,0,0,0,0,0,0,0,0,0,0,0,0,0,0,0,0,0,0,0,113,104,117,0,0,0,0,0,0,0,0,0,0,0,0,0,0,0,0,0,0,0,0,0,0,0,0,0,0,0,0,0,0,0,0,0,0,0,0,0,0,0]} 1. d4 d5 2. c4 e6 3. Nc3 Be7 4. Nf3 Nf6 5. Bf4 O-O 6. e3 b6 7. Rc1 c5 8. dxc5 {D37: Queen's Gambit Declined: 5 Bf4} (8. cxd5 Nxd5 9. Nxd5 exd5 10. Be2 c4 11. O-O Nc6 12. e4 b5 13. exd5 Nb4 14. d6 Bxd6 15. Bxd6 Qxd6 16. a3 Nd5 {½-½ (40) Miton,K (2624)-Arizmendi Martinez,J (2571) Legnica 2013}) 8... bxc5 9. Be2 Bb7 10. O-O {White has an edge.} Nbd7 11. h3 Qb6 $146 ({Predecessor:} 11... Nb6 12. cxd5 exd5 13. Qb3 h6 14. Rfd1 Qe8 15. a4 c4 {1-0 (44) Prasetyo,S (2044)-Pu,H (1616) Sanya 2017}) 12. cxd5 Nxd5 13. Nxd5 exd5 14. Qc2 h6 15. Rfd1 Qe6 (15... Nf6 $11) 16. Bd3 (16. b4 $16) 16... Nf6 $11 17. Bf5 Qb6 18. Ne5 Rfd8 19. b3 Bc8 20. Bxc8 Raxc8 21. Qf5 Qe6 22. Ng6 {[#] And now Qxe6 would win.} Bf8 $1 23. Qxe6 fxe6 24. g4 Kf7 25. Nxf8 Kxf8 26. f3 Kf7 27. Be5 Nd7 28. Bb2 Nb6 29. Kf2 c4 30. Bd4 cxb3 31. axb3 Rxc1 32. Rxc1 $14 {[%mdl 4096] Endgame KRB-KRN} Rd7 33. Ke2 Rb7 34. Kd2 g6 35. Ra1 Nc8 36. Kc2 Ke7 37. Bg7 h5 38. gxh5 gxh5 39. Bd4 Kd6 40. f4 Kc6 41. Rg1 (41. Ra6+ $14 Nb6 42. Ra5) 41... Nd6 $11 42. Rg6 Re7 43. Rh6 Nf5 44. Rxh5 Nxd4+ 45. exd4 {KR-KR} Rg7 46. Rg5 Rh7 47. Rg3 Rh4 48. Rf3 Kb5 49. Kd2 Kb4 50. Ke2 a5 51. Kf2 Rh6 52. Kg3 Rg6+ 53. Kh4 Rg1 54. Re3 Rd1 55. Rxe6 {Hoping for Re3.} Rxd4 56. Kg5 {Strongly threatening f5.} Kxb3 (56... Rd1 $11) 57. f5 $16 {Black must now prevent f6.} Rd1 {[#]} 58. f6 (58. Re3+ $1 $16 Kc4 59. Rf3 Rg1+ 60. Kh6) 58... Rf1 $11 {The position is equal.} 59. Re5 {Threatens to win with Rf5.} d4 60. Rxa5 d3 61. Rd5 Kc2 62. h4 {h5 is the strong threat.} d2 63. h5 Rg1+ 64. Kh6 Rf1 65. Kg6 Rg1+ 66. Kh7 Rf1 67. Kg7 Rg1+ 68. Kf8 Rh1 69. f7 Rxh5 $1 70. Rxh5 {White wants to mate with Rc5+.} d1=Q {KQ-KR} 71. Rc5+ Kb3 72. Ke7 Qe1+ 73. Kf6 Qh4+ 74. Rg5 Qh6+ 75. Rg6 Qf8 76. Rg8 Qd6+ 77. Kg7 {Accuracy: White = 60%, Black = 65%.} 1/2-1/2

[Event "19th Prague Open-A 2020"]
[Site "Prague"]
[Date "2020.01.15"]
[Round "7.14"]
[White "Nasshan, Dennis"]
[Black "Pniaczek, Marek"]
[Result "1-0"]
[WhiteElo "2307"]
[BlackElo "2145"]
[Annotator "TA"]
[PlyCount "119"]
[EventDate "2020.01.10"]
[EventType "swiss"]
[EventCountry "CZE"]
[SourceTitle "playchess.com"]
[Source "ChessBase"]
[SourceQuality "1"]

{[%evp 16,119,21,0,12,22,19,0,47,49,58,45,56,54,50,48,78,20,16,19,36,24,35,-23,-29,-32,-26,-24,44,52,41,51,41,41,41,44,44,52,52,49,35,43,79,79,79,79,79,79,79,79,79,80,275,80,88,0,279,0,83,66,80,88,147,0,67,0,127,145,165,165,165,165,165,165,165,165,171,171,171,171,171,8,8,0,169,180,563,563,522,449,890,890,1895,1884,1889,1878,1860,1840,1795,1655,1371,1147,1085,1041,29984,29985]} 1. d4 Nf6 2. Nf3 g6 3. Bf4 d6 4. h3 Bg7 5. e3 O-O 6. Be2 c5 7. c3 cxd4 8. exd4 Nc6 9. O-O Nd5 {A48: 1 d4 Nf6 2 Nf3 g6: Torre, London and Colle Systems} 10. Bh2 e5 11. Nbd2 {[#]} Qe7 $146 {The position is equal.} ({Predecessor:} 11... Re8 12. Nc4 Nf4 13. dxe5 dxe5 14. Bxf4 exf4 15. Re1 Qf6 16. Qb3 Rb8 17. Rad1 Be6 {½-½ (41) Inarkiev,E (2693)-Christiansen,J (2558) Douglas 2019}) 12. Re1 Rd8 13. Bb5 f6 14. Qb3 Qf7 $1 15. Rad1 a6 16. Bf1 (16. Bxc6 $1 $16 bxc6 17. c4) 16... b5 $11 17. a4 Na5 18. Qa3 Be6 19. c4 (19. Ne4 $14) 19... Nxc4 20. Nxc4 bxc4 21. Bxc4 a5 ({Black should try} 21... Rdc8 $11 22. Qa2 Nc7) 22. dxe5 $14 dxe5 23. Bxe5 fxe5 24. Ng5 Qf4 $1 {[%cal Rf4g5]} 25. Nxe6 Qxc4 26. Nxd8 Rxd8 27. Qf3 Rd7 28. Rd2 Nb6 29. Rxd7 Nxd7 30. Qa8+ Bf8 31. Qxa5 Nc5 32. Rxe5 Nxa4 33. Qd2 Qb3 $2 (33... Nc5 $16 {keeps fighting.}) 34. Re2 $2 (34. Re3 $1 $18 {[%cal Re3b3]} Qb7 35. Rf3) 34... Nc5 $16 35. Re5 $2 (35. Re8 $16) 35... Na4 $1 $18 36. Re2 $2 (36. Re3 $1 $18 {[%cal Re3b3] is the precise move to win.} Qb7 37. Rf3) 36... Nc5 $1 $16 37. Qc2 Qd5 38. Rd2 Qe6 (38... Qb7 $142) 39. Re2 (39. b4 $1 $16 {[%cal Rb4c5]} Nd7 40. b5) 39... Qd5 $14 40. Rd2 (40. Re3 $14) 40... Qe6 $1 $16 41. b4 {[%cal Bb2b4,Bb4b5][%mdl 32]} Na6 42. b5 $1 $36 {[%mdl 2048] Black is under strong pressure.} Qe1+ 43. Kh2 Qe5+ 44. g3 $1 Qxb5 45. Qa2+ Kg7 46. Qe6 $1 {[%mdl 1024] Black must now prevent Rd7+. White has strong compensation.} (46. Rd8 Qf5 $11) 46... Nc5 47. Qe5+ Kg8 48. Qd5+ $2 (48. Rd8 $1 $18 Qb6 49. Rc8 (49. Qd4 Qc7 $11)) 48... Kg7 $1 $11 49. Qe5+ $2 (49. Ra2 $11 Qb6 50. Qd4+ Kh6 51. h4) 49... Kg8 $18 {[#]} 50. Rd8 $1 Qc6 $2 {[#]} (50... Qb6 {is more resistant.} 51. Rc8 (51. Qd4 Qc7 $14) 51... h6) 51. Qe7 $1 {[%csl Ge7][%cal Rd8f8]} Ne6 52. Re8 Qxe8 (52... h5 $142 53. Qxe6+ Qxe6 54. Rxe6 Kf7) 53. Qxe8 Nc5 54. h4 Kg7 55. h5 gxh5 56. Qxh5 Be7 57. Qe5+ Kf7 58. Qh8 Kg6 59. Qg8+ Kh6 60. Kh3 {Accuracy: White = 83%, Black = 65%.} 1-0

[Event "19th Prague Open-A 2020"]
[Site "Prague"]
[Date "2020.01.15"]
[Round "7.15"]
[White "Pavlidou, Ekaterini"]
[Black "Siddharth, Jagadeesh"]
[Result "1-0"]
[WhiteElo "2160"]
[BlackElo "2301"]
[Annotator "TA"]
[PlyCount "47"]
[EventDate "2020.01.10"]
[EventType "swiss"]
[EventCountry "CZE"]
[SourceTitle "playchess.com"]
[Source "ChessBase"]
[SourceQuality "1"]

{[%evp 15,47,8,5,-8,18,13,0,0,46,41,50,31,48,40,37,39,162,63,134,60,208,52,83,64,650,642,629,619,627,563,29996,29997,29997,29998]} 1. d4 Nf6 2. c4 e6 3. Nc3 Bb4 4. e3 O-O 5. Bd2 b6 6. Nf3 Bb7 7. Bd3 d5 8. cxd5 exd5 9. Rc1 {E52: Nimzo-Indian: Rubinstein: 4...0-0 5 Nf3 d5 6 Bd3 b6} (9. Ne5 Bd6 10. O-O c5 11. Rc1 Nc6 12. Ng4 Nd7 13. Nh6+ gxh6 14. Qg4+ Kh8 15. Qf5 Nf6 16. Nxd5 Nxd4 17. Qxf6+ Qxf6 18. Nxf6 {½-½ (40) Wei,Y (2725)-Karjakin,S (2754) Jerusalem 2019}) 9... a6 10. O-O Nbd7 11. Ne5 {The position is equal.} Bd6 12. f4 Ne4 13. Be1 Qe7 14. Qf3 $146 {[%cal Rc3e4]} ({Predecessor:} 14. Qc2 f5 15. Qb3 Ndf6 16. Bxe4 fxe4 17. Bh4 Kh8 18. Ne2 {1-0 (41) Janzelj,T (2446)-Neff,G (2118) Deutschlandsberg 2019}) 14... Ndf6 15. Bh4 h6 (15... Qe6 $14) 16. Rc2 (16. Qh3 $18) 16... c5 (16... Qe8 $14) 17. g4 ({White should try} 17. Bxe4 $16 dxe4 18. Qh3 cxd4 19. Ng4) 17... Qc7 {[#]} (17... cxd4 $14 18. exd4 Rac8) 18. g5 $2 ({White should play} 18. Bxf6 $1 $18 {Hoping for g5.} gxf6 {[#]} 19. Nc4 $1 {[%mdl 512]}) 18... hxg5 $14 19. fxg5 (19. Bxg5 {looks sharper.} Bxe5 20. dxe5 Nxg5 21. fxg5 Ne4 22. Qh5) 19... Bxe5 $4 {[%mdl 8192]} (19... Nh7 $14) 20. gxf6 $18 Bxf6 21. Bxf6 Nxf6 {[#]} 22. Qxf6 $3 {[%mdl 512] Threatening mate with Rg2!} gxf6 23. Rg2+ Kh8 24. Rf5 {Accuracy: White = 43%, Black = 13%.} 1-0

[Event "19th Prague Open-A 2020"]
[Site "Prague"]
[Date "2020.01.15"]
[Round "7.16"]
[White "Chyzy, Jakub"]
[Black "Balinski, Damian"]
[Result "1-0"]
[WhiteElo "2291"]
[BlackElo "2139"]
[Annotator "RC"]
[PlyCount "71"]
[EventDate "2020.01.10"]
[EventType "swiss"]
[EventCountry "CZE"]
[SourceTitle "playchess.com"]
[Source "ChessBase"]
[SourceQuality "1"]
[TimeControl "40/5400+30:1800+30"]

1. e4 d6 2. d4 Nf6 3. Nc3 g6 4. f3 c6 5. Be3 b5 6. Qd2 Nbd7 7. g4 Nb6 8. h4 h5 9. g5 Nfd7 10. d5 c5 11. Bxb5 a6 12. Be2 Ne5 13. b3 Bg7 14. Nh3 a5 15. a4 O-O 16. Rd1 Ba6 17. O-O Ng4 18. fxg4 Bxc3 19. Qxc3 Bxe2 20. gxh5 Bxd1 21. Rxd1 Qc8 22. Nf2 Nd7 23. Bf4 Rb8 24. Ng4 Rb4 25. Qf3 Rb7 26. Rf1 c4 27. Nh6+ Kh7 28. Bg3 f6 29. hxg6+ Kxg6 30. Nf5 Ne5 31. Bxe5 dxe5 32. h5+ Kf7 33. g6+ Kg8 34. g7 Rf7 35. Qg4 Qxf5 36. Qxf5 1-0

[Event "19th Prague Open-A 2020"]
[Site "Prague"]
[Date "2020.01.16"]
[Round "8.1"]
[White "Quesada Perez, Luis Ernesto"]
[Black "Vignesh B"]
[Result "1-0"]
[WhiteElo "2491"]
[BlackElo "1912"]
[Annotator "TA"]
[PlyCount "77"]
[EventDate "2020.01.10"]
[EventType "swiss"]
[EventCountry "CZE"]
[SourceTitle "playchess.com"]
[Source "ChessBase"]
[SourceQuality "1"]

{[%evp 20,77,7,7,18,0,0,0,16,0,1,-1,0,0,0,0,12,30,17,0,34,17,112,109,111,103,108,109,112,107,116,106,121,111,110,111,160,169,157,119,219,222,216,164,238,193,299,274,540,503,1102,1115,1079,999,29976,29977,29976,29958,29991,29992]} 1. Nf3 Nf6 2. c4 e6 3. g3 d5 4. Bg2 Be7 5. O-O O-O 6. b3 c5 7. Bb2 Nc6 8. e3 b6 9. Nc3 dxc4 10. bxc4 Bb7 11. Qe2 Qc8 {A14: English Opening: 1...e6 with b3 by White} (11... Qc7 12. Rac1 a6 13. Rfd1 Na5 14. d3 Rfd8 15. h3 Rab8 16. g4 Ne8 17. a4 Bc6 18. Ne1 Bf6 19. Ra1 Rd7 {½-½ (43) McShane,L (2682)-Kovalev,V (2661) Douglas 2019}) 12. Ne1 Rd8 13. f4 Na5 {The position is equal.} 14. Rd1 Bxg2 15. Nxg2 a6 $146 ({Predecessor:} 15... Qd7 16. d3 a6 17. a4 Rac8 18. g4 Rc6 19. g5 {½-½ (30) Harika,D (2515)-Khademalsharieh,S (2450) Abu Dhabi 2016}) 16. a4 Nc6 {[%cal Ba5c6,Bc6b4,Bb4d3][%mdl 32]} 17. g4 Nb4 18. g5 Ne8 19. h4 Nd3 20. Ba1 b5 (20... Ra7 $11) 21. axb5 $16 axb5 22. Nxb5 Qc6 23. Ne1 Qe4 24. Nxd3 Rxd3 25. Qf3 Qxf3 26. Rxf3 Ra4 27. Bc3 Nd6 28. Nxd6 Rxd6 29. Kf1 g6 {[#]} (29... Rda6 $16 {was necessary.}) 30. h5 $1 $18 {[%mdl 512]} gxh5 31. Rh3 Bf8 (31... Rxc4 $142 32. Ke2 Rxc3 33. dxc3 Rxd1 34. Kxd1 h6 35. gxh6 (35. Rxh5 hxg5 36. fxg5 Kg7 $16) 35... h4) 32. Rb1 ({Less strong is} 32. Rxh5 Bg7 $16) 32... Rd8 (32... e5 $142) 33. Ke2 (33. Rxh5 Bg7 $16) 33... Bg7 $2 {[#]} (33... e5 {was worth a try.} 34. Bxe5 Rxc4) 34. Bf6 $1 {[%cal Rf6d8]} Rd7 (34... Rda8 $142 35. Rxh5 Bxf6) 35. Rxh5 Ra2 36. Kf3 {Hoping for Rb8+.} Rdxd2 37. Rb8+ {White mates.} Bf8 38. Be7 f5 39. gxf6 {Accuracy: White = 77%, Black = 26%.} 1-0

[Event "19th Prague Open-A 2020"]
[Site "Prague"]
[Date "2020.01.16"]
[Round "8.2"]
[White "Budnikov, Oleg"]
[Black "Lalic, Bogdan"]
[Result "1/2-1/2"]
[WhiteElo "2432"]
[BlackElo "2402"]
[Annotator "TA"]
[PlyCount "50"]
[EventDate "2020.01.10"]
[EventType "swiss"]
[EventCountry "CZE"]
[SourceTitle "playchess.com"]
[Source "ChessBase"]
[SourceQuality "1"]

{[%evp 9,50,19,27,8,2,0,27,-25,-18,-22,-29,-31,-10,-20,-12,-8,0,-36,-38,-52,-36,-44,-39,-45,-43,-64,-59,-59,-46,-52,-29,-58,-34,-81,-82,-109,0,-50,-47,-74,-73,-100,0]} 1. Nf3 Nf6 2. c4 b6 3. g3 Bb7 4. Bg2 g6 5. O-O Bg7 6. Nc3 {A15: English Opening: 1...Nf6} O-O 7. Re1 (7. d4 e6 8. Bf4 d6 9. Qd2 Re8 10. Rad1 Nbd7 11. Bh6 Bh8 12. Bg5 Qe7 13. Rfe1 Qf8 14. e4 e5 15. dxe5 dxe5 {0-1 (48) Ruck,R (2530)-Mamedyarov,S (2772) Moscow 2019}) 7... Ne4 8. Qc2 (8. Nxe4 $142 Bxe4 9. d3) 8... Nxc3 $11 9. dxc3 $146 ({Predecessor:} 9. bxc3 c5 10. h4 Nc6 11. e4 d6 12. h5 Qd7 13. d3 Ne5 {0-1 (43) Li,D (2479)-Liang,A (2558) Tarvisio 2017}) 9... d6 10. h4 Nd7 {[%cal Bb8d7,Bd7f6,Bf6h7,Bh7g5,Bg5e6,Be6c5][%mdl 32]} 11. h5 Nf6 12. hxg6 hxg6 13. e4 e5 14. Nh4 Nh7 15. Be3 Ng5 16. Rad1 Qe7 17. Bc1 Rfe8 18. Qd2 Ne6 19. Nf3 a5 20. Qc2 Nc5 21. Bg5 Bf6 22. Bc1 Bg7 (22... Kg7 $17) 23. b3 Rf8 24. Nh4 Bf6 25. Nf3 Bg7 {Accuracy: White = 36%, Black = 59%.} (25... Kg7 $17) 1/2-1/2